000 00995nam0a22003011 4500
001 RU\INFOCOMM_322\NLR\5000232141
005 20250613112344.0
035 _a(NLR Aleph) 009608067
090 _a9353737
_c9353737
100 _a20130314d1983 |||y0rusy50 ca
101 0 _aeng
102 _aRU
105 _ay z |||||
200 1 _aPossibility of a selective initiation of chemical reactions
_fA. N. Oraevsky
210 _aM.
_d1983
215 _a28, [10] с.
_cил.
_d20 см
225 1 _aPreprint
_fThe Acad. of sciences of the USSR, P. N. Lebedev phys. inst.
_iQuantum radiophysics
_vN 125
320 _aБиблиогр.: с. 25-28
606 0 _aХимические реакции
_2nlr_sh1
620 _aМосква
686 _aГ552.8
_2rubbk
700 1 _9z01790
_aOraevskij
_bA. N.
_gAnatolij Nikolaevič
790 1 _9z01700
_aOraevsky
_bA. N.
_4070
801 1 _aRU
_bInfocomm
_c20130314
801 0 _aRU
_bINFOCOMM
_gPSBO
852 _aNLR
_jХ01 Д-4/132
942 _cBOOK
980 _aNB